| 000 | 00345nam a22001337a 4500 | ||
|---|---|---|---|
| 008 | 170609b xxu||||| |||| 00| 0 eng d | ||
| 020 | _a9780520026261 | ||
| 041 | _aeng | ||
| 080 | _a32 | ||
| 100 | _a19 | ||
| 101 | _aSHP | ||
| 245 |
_aTHE POLITICS OF CULTURAL DESPAIR: A STUDY IN THE RISE OF THE GERMANIC IDEOLOGY _cSTERN,F |
||
| 942 |
_2udc _cBK |
||
| 999 |
_c16744 _d16744 |
||